00792nam a2200193 i 450000100060000000300090000600500170001500700030003200800410003510000320007624501270010826000450023530000400028060000580032065000620037885200210044099900170046195201200047830779ES-MaACL20251003180836.0t|030127s1927 fr |||| | fre d1 aBellessort, André.92720010aSainte-Beuve et le dix-neuvième siècle b: cours professé à la Société des Conférences / André Bellessort. aParís : bPerrin, c1927 (fE. Grevin) a354 p., 5 lám. : bil. ; c20 cm.17aSainte-Beuve, Charles-Augustin, d1804-186929162958 4aLiteratura francesa-yS.XIX-xHistoria y crítica914589 aES-MaACLjA-2437 c30779d30779 00104070aATENEOMbATENEOMcSPP1d2008-01-17eSCl0oA-2437p1031793r2023-02-23 00:00:00w2023-02-23yMONOGRAFIA